Capital as Power : (Record no. 13306)
[ view plain ]
| 000 -LEADER | |
|---|---|
| fixed length control field | 01308cam a2200301 a 4500 |
| 001 - CONTROL NUMBER | |
| control field | 15558732 |
| 005 - DATE AND TIME OF LATEST TRANSACTION | |
| control field | 20090804134341.0 |
| 008 - FIXED-LENGTH DATA ELEMENTS--GENERAL INFORMATION | |
| fixed length control field | 081216s2009 enka |rb 001 0 eng |
| 010 ## - LIBRARY OF CONGRESS CONTROL NUMBER | |
| LC control number | 2008052891 |
| 020 ## - INTERNATIONAL STANDARD BOOK NUMBER | |
| International Standard Book Number | 9780415496803 (pbk.) |
| 035 ## - SYSTEM CONTROL NUMBER | |
| System control number | (OCoLC)ocn288932833 |
| 040 ## - CATALOGING SOURCE | |
| Original cataloging agency | DLC |
| Transcribing agency | DLC |
| Modifying agency | YDX |
| -- | YDXCP |
| -- | BWK |
| -- | CDX |
| -- | DLC |
| 050 00 - LIBRARY OF CONGRESS CALL NUMBER | |
| Classification number | HB501 |
| Item number | .N58 2009 |
| 082 00 - DEWEY DECIMAL CLASSIFICATION NUMBER | |
| Classification number | 303.3 |
| Edition number | 22 |
| Item number | NIT |
| 100 1# - MAIN ENTRY--PERSONAL NAME | |
| Personal name | Nitzan, Jonathan. |
| 9 (RLIN) | 11063 |
| 245 10 - TITLE STATEMENT | |
| Title | Capital as Power : |
| Remainder of title | A Study or Order and Creorder / |
| Statement of responsibility, etc | Jonathan Nitzan and Shimshon Bichler. |
| 260 ## - PUBLICATION, DISTRIBUTION, ETC. (IMPRINT) | |
| Place of publication, distribution, etc | Milton Park, Abingdon, Oxon ; |
| -- | New York, NY : |
| Name of publisher, distributor, etc | Routledge, 2009 |
| Date of publication, distribution, etc | 2009. |
| 300 ## - PHYSICAL DESCRIPTION | |
| Extent | xxvi, 438 p. : |
| Other physical details | ill. ; |
| Dimensions | 24 cm. |
| 490 1# - Series Statement | |
| Series statement | RIPE Series in Global Political Economy |
| 504 ## - BIBLIOGRAPHY, ETC. NOTE | |
| Bibliography, etc | Includes bibliographical references (p. [401]-429) and index. |
| 650 #0 - SUBJECT ADDED ENTRY--TOPICAL TERM | |
| Topical term or geographic name as entry element | Capitalism. |
| 9 (RLIN) | 11064 |
| 650 #0 - SUBJECT ADDED ENTRY--TOPICAL TERM | |
| Topical term or geographic name as entry element | Power (Social sciences) |
| 9 (RLIN) | 11065 |
| 700 1# - ADDED ENTRY--PERSONAL NAME | |
| Personal name | Bichler, Shimshon. |
| 9 (RLIN) | 11066 |
| 830 #0 - SERIES ADDED ENTRY--UNIFORM TITLE | |
| Uniform title | RIPE series in global political economy. |
| 9 (RLIN) | 11067 |
| 942 ## - ADDED ENTRY ELEMENTS (KOHA) | |
| Source of classification or shelving scheme | Dewey Decimal Classification |
| Item type | Book - Borrowing |
| Withdrawn status | Item status | Source of classification or shelving scheme | Damaged status | Not for loan | Vendor | Home library | Current library | Shelving location | Date acquired | Source of acquisition | Cost, normal purchase price | Serial Enumeration / chronology | Total Checkouts | Full call number | Barcode | Date last seen | Date last borrowed | Koha item type |
|---|---|---|---|---|---|---|---|---|---|---|---|---|---|---|---|---|---|---|
| Dewey Decimal Classification | Central Library | Central Library | First floor | 07/02/2010 | 255.00 | 1324 | 2 | 303.3 NIT | 000019684 | 15/07/2025 | 13/11/2013 | Book - Borrowing |